000 00739nam a2200241 a 4500
001 628
003 BR-CuiBMT
005 20231110230715.0
008 231110s2007 mtb 000 0 por d
040 _aBR-CuiBMT
_cBR-CuiBMT
080 _22007
_a340
_x(079.1)
090 _a340(079.1)
_bD598
_c1. ed.
245 1 _aDireito em questões :
_btemas polêmicos comentados para concursos públicos.
_cAdriana Ruzzante Gagliardi...[ et al].
250 _a1. ed.
260 _aCuiabá :
_bFutura,
_c2007.
300 _a137 p.:
_c21 cm
504 _aInclui bibliografia.
650 _aDireito constitucional
650 _aDireito administrativo
650 _aDireito penal
700 _aGagliardi, Adriana Ruzzante
_e.et al...
942 _2udc
_cLV
999 _c628
_d628